000 00267nam a2200097Ia 4500
008 220204s9999 xx 000 0 und d
082 _a338.45(547.1GUJ)
_bSUR
245 0 _aSurvey of small scale industries
260 _aAllahabad
_bDirectorate of Industries
942 _cBK
999 _c22328
_d22328